[Event "Mechanics' Spring TNM; G/2"]
[Site "San Francisco"]
[Date "2017.04.25"]
[Round "7.8"]
[White "Walder, Michael S"]
[Black "Turner, Jesse"]
[Result "1-0"]
[WhiteElo "2100"]
[BlackElo "1904"]
[Annotator "Donaldson"]
[PlyCount "71"]
[EventDate "2017.??.??"]

1. e4 c5 2. Nf3 Nc6 3. d4 cxd4 4. Nxd4 Nf6 5. Nc3 e5 6. Ndb5 h6 7. Nd5 Nxd5 8.
exd5 a6 9. Nc3 Nd4 10. Bd3 Bb4 11. O-O d6 12. Ne4 Ba5 13. Ng3 Qh4 14. c3 Nb5
15. f4 Bg4 16. Qb3 O-O 17. Be3 Bd7 18. a4 Nc7 19. fxe5 dxe5 20. Nf5 Bxf5 21.
Rxf5 Qe7 22. Raf1 Qd6 23. c4 b5 24. Kh1 bxc4 25. Bxc4 Rab8 26. Qd1 Rxb2 27. Qf3
Rfb8 28. Rxf7 Rb1 29. Bc1 $1 (29. Bxh6) 29... R1b4 30. Qg3 Ne8 31. Ba3 Bd8 32.
Bxb4 Rxb4 33. Qd3 Nf6 34. Ra7 e4 35. Qe2 Be7 {Diagram [#]} 36. Rxe7 $1 1-0

[Event "Mechanics' Peter Grey TNM; G/2 d5"]
[Site "San Francisco"]
[Date "2017.09.26"]
[Round "8.5"]
[White "Walder, Michael S"]
[Black "Uzzaman, Ashik"]
[Result "1-0"]
[WhiteElo "2147"]
[BlackElo "2036"]
[Annotator "Donaldson"]
[PlyCount "79"]
[EventDate "2017.??.??"]

1. e4 c5 2. Nf3 d6 3. d4 cxd4 4. Nxd4 Nf6 5. Nc3 g6 6. Be3 a6 7. f3 b5 8. Qd2
Bb7 9. a4 b4 10. Na2 e5 11. Nb3 d5 12. Bg5 Nbd7 13. Nxb4 dxe4 14. Bc4 h6 15.
Be3 exf3 16. gxf3 Bxf3 (16... Rc8 $1) 17. O-O Bb7 18. Rad1 Qe7 19. Nd5 Bxd5 20.
Bxd5 Nxd5 21. Qxd5 Rc8 22. c4 Qe6 23. c5 Be7 24. Qxe6 fxe6 25. Rc1 Nf6 26. c6
Nd5 27. Ba7 Rf8 28. Rxf8+ Kxf8 29. Nc5 Bxc5+ 30. Bxc5+ Kf7 31. Bd6 e4 32. b4 g5
33. b5 axb5 34. axb5 Kg6 35. c7 e3 36. Rc6 Nxc7 37. Bxc7 Kf5 38. b6 e2 39. Kf2
Ke4 40. Kxe2 1-0

[Event "Mechanics' Spring TNM; G/2"]
[Site "San Francisco"]
[Date "2017.05.02"]
[Round "8.5"]
[White "Walder, Michael S"]
[Black "Vickers, Keith"]
[Result "1/2-1/2"]
[WhiteElo "2100"]
[BlackElo "2200"]
[PlyCount "54"]
[EventDate "2017.??.??"]

1. e4 d5 2. exd5 Qxd5 3. Nf3 Nf6 4. d4 Bg4 5. Be2 e6 6. Be3 c6 7. c4 Qa5+ 8.
Bd2 Qb6 9. c5 Qc7 10. Nc3 Be7 11. O-O Nbd7 12. b4 O-O 13. Re1 Rfe8 14. Qb3 h6
15. Ne5 Bxe2 16. Rxe2 Nd5 17. Nxd5 exd5 18. Rae1 Nxe5 19. Rxe5 Qd7 20. Qe3 Kf8
21. Qd3 Kg8 22. Qe2 Kf8 23. Bf4 Bf6 24. Rxe8+ Rxe8 25. Bd6+ Be7 26. Bxe7+ Qxe7
27. Kf1 Qxe2+ 1/2-1/2

[Event "Mechanics' Summer TNM; G/2 d5"]
[Site "San Francisco"]
[Date "2017.06.13"]
[Round "4.3"]
[White "Walder, Michael S"]
[Black "Winslow, Elliott C"]
[Result "1/2-1/2"]
[WhiteElo "2141"]
[BlackElo "2291"]
[Annotator "Winslow"]
[PlyCount "27"]
[EventDate "2017.??.??"]

1. e4 c5 2. Nf3 d6 3. Bb5+ Bd7 4. Bxd7+ Qxd7 5. c4 Nf6 6. Nc3 g6 7. d4 cxd4 8.
Nxd4 Bg7 9. O-O O-O 10. f3 Rc8 11. b3 d5 12. exd5 Nxd5 13. Nxd5 e6 14. Bh6 $1 (
14. Be3) (14. Ne3) (14. Bh6 exd5 ({I took the draw before my hand could play} 
14... Bh8 {, which runs into} 15. Nxe6 fxe6 16. Ne3 Bxa1 17. Qxa1 Nc6 18. Rd1
Qf7 19. Ng4 Rd8 20. Rxd8+ Rxd8 21. Bg5 {
1-0 (49) Nord,A (1939)-Sanchez,N (2159) Chamalieres 2009})) 1/2-1/2

[Event "Mechanics' Summer TNM; G/2 d5"]
[Site "San Francisco"]
[Date "2017.06.20"]
[Round "5.25"]
[White "Walters, Kevin"]
[Black "Chan, John"]
[Result "1-0"]
[WhiteElo "1860"]
[BlackElo "1582"]
[PlyCount "63"]
[EventDate "2017.??.??"]

1. e4 e6 2. d4 d5 3. exd5 exd5 4. Be3 Nf6 5. Nc3 c6 6. Bd3 Be6 7. Qd2 Nbd7 8.
O-O-O Bb4 9. f3 Qa5 10. a3 Bxc3 11. Qxc3 Qxc3 12. bxc3 b5 13. Ne2 Nb6 14. Kd2
O-O 15. Bg5 Nfd7 16. Rhe1 f6 17. Ng3 Bf7 18. Bf4 Nc4+ 19. Bxc4 dxc4 20. Nf5 Kh8
21. Re7 Nb6 22. Bd6 Kg8 23. Rc7 Rfe8 24. Ne7+ Kh8 25. Nxc6 Bg6 26. Nxa7 Nd5 27.
Rb7 h6 28. Nxb5 Rac8 29. Nc7 Nxc7 30. Rxc7 Re6 31. Rxc8+ Kh7 32. Bb4 1-0

[Event "Mechanics' Winter TNM; G/2"]
[Site "San Francisco"]
[Date "2017.02.07"]
[Round "6.18"]
[White "Walters, Kevin"]
[Black "McEnroe, Glenn"]
[Result "1-0"]
[WhiteElo "1884"]
[BlackElo "1528"]
[PlyCount "69"]
[EventDate "2017.??.??"]

1. e4 e6 2. d4 d5 3. exd5 exd5 4. Be3 Bd6 5. Nc3 c6 6. Qd2 Nf6 7. f3 O-O 8. Bd3
Be6 9. O-O-O Bb4 10. Nge2 Nbd7 11. a3 Bxc3 12. Nxc3 Qa5 13. h4 c5 14. dxc5 Nxc5
15. h5 Nxd3+ 16. Qxd3 Rad8 17. h6 g6 18. Bd4 Bf5 19. Qd2 Nd7 20. g4 Be6 21. Bg7
Rfe8 22. Qd4 Qc5 23. Qf4 f5 24. gxf5 Bxf5 25. Rxd5 Qe3+ 26. Qxe3 Rxe3 27. Ne4
Bxe4 28. fxe4 Rxe4 29. Rhd1 Re7 {Diagram [#]} 30. Bf6 $1 Nxf6 31. Rxd8+ Kf7 32.
Rf1 Ke6 33. Re1+ Kf7 34. Rxe7+ Kxe7 35. Ra8 1-0

[Event "Mechanics' Spring TNM; G/2"]
[Site "San Francisco"]
[Date "2017.04.11"]
[Round "5.16"]
[White "Walters, Kevin"]
[Black "Melville, Cailen"]
[Result "1-0"]
[WhiteElo "1897"]
[BlackElo "1745"]
[PlyCount "47"]
[EventDate "2017.??.??"]

1. e4 e6 2. d4 d5 3. exd5 exd5 4. Be3 Bf5 5. Bd3 Ne7 6. Nc3 Nbc6 7. Nge2 Qd7 8.
O-O O-O-O 9. Nf4 g5 10. Bxf5 Qxf5 11. Nd3 f6 12. a4 Kb8 13. a5 Qg6 14. b4 Nf5
15. Nc5 Nxe3 16. fxe3 Nxb4 17. Qb1 Bxc5 18. dxc5 Nxc2 19. c6 b6 20. axb6 cxb6
21. c7+ Kxc7 22. Rxa7+ Kd6 23. Qxb6+ Ke5 24. Re7# 1-0

[Event "Mechanics' Winter TNM; G/2"]
[Site "San Francisco"]
[Date "2017.02.21"]
[Round "8.15"]
[White "Walters, Kevin"]
[Black "Newey, Richard"]
[Result "1-0"]
[WhiteElo "1884"]
[BlackElo "1721"]
[PlyCount "83"]
[EventDate "2017.??.??"]

1. e4 e5 2. Nf3 Nc6 3. d4 exd4 4. c3 d5 5. exd5 Qxd5 6. cxd4 Bg4 7. Be2 Bb4+ 8.
Nc3 Nf6 9. O-O Bxc3 10. bxc3 O-O 11. Bf4 Ne8 12. h3 Bf5 13. Re1 Nd6 14. Ne5
Nxe5 15. Bxe5 Qa5 16. c4 Rad8 17. Qb3 b6 18. Qg3 f6 19. Bxd6 Rxd6 20. Bf3 Kh8
21. Re7 Rg8 22. Bd5 Rxd5 23. cxd5 Qxd5 24. Qxc7 Qxd4 25. Rae1 b5 26. Re8 Qd7
27. Qb8 Be6 28. Rxg8+ Bxg8 29. Re8 Qf7 30. a3 a6 31. Rf8 Qe6 32. Qe8 Qc4 33.
Qc8 a5 34. Qxc4 bxc4 35. Ra8 g6 36. Rxa5 Kg7 37. Kf1 Be6 38. Rc5 f5 39. a4 Kf6
40. a5 Bd7 41. a6 f4 42. a7 1-0

[Event "Mechanics' Winter TNM; G/2"]
[Site "San Francisco"]
[Date "2017.01.24"]
[Round "4.17"]
[White "Walters, Kevin"]
[Black "Sadowsky, Jacob"]
[Result "1-0"]
[WhiteElo "1884"]
[BlackElo "1701"]
[Annotator "Donaldson"]
[PlyCount "43"]
[EventDate "2017.??.??"]

1. e4 Nf6 2. e5 Nd5 3. d4 d6 4. Nf3 Nc6 5. Bc4 Nb6 6. Bb5 Bd7 7. c4 dxe5 8.
Bxc6 Bxc6 9. d5 e4 10. Ne5 Qd6 11. Bf4 Qf6 $2 12. dxc6 Qxf4 13. cxb7 Qxe5 (
13... Rb8 14. Nc6) 14. bxa8=Q+ Nxa8 15. Qa4+ Kd8 16. Nc3 a5 17. Rd1+ Kc8 18.
Qe8+ Kb7 19. Rd8 Nb6 20. Rb8+ Ka7 21. Nb5+ Ka6 22. Qc6 1-0

[Event "Mechanics' Spring TNM; G/2"]
[Site "San Francisco"]
[Date "2017.03.14"]
[Round "1.25"]
[White "Walters, Kevin"]
[Black "Valente, Marty J"]
[Result "1/2-1/2"]
[WhiteElo "1897"]
[BlackElo "1352"]
[PlyCount "105"]
[EventDate "2017.??.??"]

1. e4 c5 2. d4 cxd4 3. c3 d6 4. cxd4 Nf6 5. Nc3 e6 6. Nf3 Nc6 7. Bf4 Be7 8. Bb5
O-O 9. Bxc6 bxc6 10. O-O Bb7 11. Qe2 Re8 12. Rfd1 Qb6 13. e5 dxe5 14. dxe5 Nd5
15. Bg5 Bxg5 16. Nxg5 h6 17. Nge4 Nf4 18. Qg4 Ng6 19. Qg3 Rad8 20. Nd6 Re7 21.
Rd2 Red7 22. Nce4 Ba8 23. Rc1 Qa5 24. f4 c5 25. Re2 Bxe4 26. Rxe4 Qxa2 27. Qf2
Rb8 28. Re2 Qb3 29. Rxc5 Rdd8 30. Rc7 Rf8 31. Rec2 Qb6 32. Rxa7 Qxf2+ 33. Rxf2
Ra8 34. Rxa8 Rxa8 35. b4 Ra1+ 36. Rf1 Rxf1+ 37. Kxf1 Nxf4 38. b5 Ng6 39. Nc4
Ne7 40. b6 Nc6 41. b7 Kf8 42. Na5 Nb8 43. Nc4 Ke7 44. Ke2 Kd7 45. Ke3 Kc6 46.
Nd6 f6 47. Ke4 f5+ 48. Kd4 Kc7 49. Ne8+ Kxb7 50. Nxg7 Nc6+ 51. Ke3 Nxe5 52.
Nxe6 Ng4+ 53. Kf4 1/2-1/2

[Event "Mechanics' Fall TNM; G/2 d5"]
[Site "San Francisco"]
[Date "2017.11.21"]
[Round "5.45"]
[White "Wantz, Brian"]
[Black "Cendejas, Jon Rodo"]
[Result "1-0"]
[WhiteElo "1292"]
[BlackElo "407"]
[PlyCount "31"]
[EventDate "2017.??.??"]

1. e4 e5 2. Nf3 Nc6 3. Bb5 a6 4. Ba4 b5 5. Bb3 Nf6 6. d3 Bc5 7. Bg5 O-O 8. Nc3
Be7 9. Qd2 d6 10. h3 Be6 11. Nd5 Bxd5 12. Bxf6 Bxf6 13. Bxd5 Qd7 14. Qc3 Rfe8
15. Bxc6 Qe7 16. Bxe8 {and White later won.} 1-0

[Event "Mechanics' Fall TNM; G/2 d5"]
[Site "San Francisco"]
[Date "2017.12.19"]
[Round "9.30"]
[White "Wantz, Brian"]
[Black "Chen, Bryant Alan"]
[Result "0-1"]
[WhiteElo "1292"]
[BlackElo "1603"]
[PlyCount "58"]
[EventDate "2017.??.??"]

1. e4 e5 2. Nf3 Nc6 3. Bb5 Nf6 4. d3 Bc5 5. O-O Qe7 6. h3 a6 7. Ba4 b5 8. Bb3
Bb7 9. Bg5 O-O-O 10. c3 h6 11. Bh4 g5 12. Bg3 d5 13. Qc2 dxe4 14. dxe4 Nh5 15.
Bh2 Nf4 16. a4 b4 17. a5 h5 18. Ba4 Nb8 19. Kh1 g4 20. Nxe5 Qxe5 21. Qc1 Qxe4
22. f3 gxf3 23. Bxf4 fxg2+ 24. Kh2 gxf1=Q 25. Qxf1 Qxf4+ 26. Qxf4 Bd6 27. Qxd6
Rxd6 28. cxb4 Rg8 29. Nc3 Rd2+ 0-1

[Event "Mechanics' Fall TNM; G/2 d5"]
[Site "San Francisco"]
[Date "2017.11.07"]
[Round "3.32"]
[White "Wantz, Brian"]
[Black "Mays, Jerry L"]
[Result "0-1"]
[WhiteElo "1292"]
[BlackElo "1700"]
[PlyCount "116"]
[EventDate "2017.??.??"]

1. e4 g6 2. d4 Bg7 3. Nf3 d6 4. Bb5+ c6 5. Ba4 a5 6. c3 Nd7 7. O-O b5 8. Bc2
Ngf6 9. e5 dxe5 10. dxe5 Nd5 11. Re1 Nc5 12. Be3 Ne6 13. g3 O-O 14. Nbd2 Qc7
15. c4 bxc4 16. Nxc4 Rd8 17. Qe2 Ba6 18. Bd2 Nb6 19. Bxa5 Bxc4 20. Bxb6 Bxe2
21. Bxc7 Bxf3 22. Bxd8 Rxd8 23. Re3 Bd5 24. f4 Nd4 25. Ba4 Ra8 26. Bd1 e6 27.
Rd3 Bf8 28. Rc1 c5 29. Kf2 Rxa2 30. Rd2 Be7 31. Ke3 f6 32. exf6 Nf5+ 33. Kd3
c4+ 34. Rxc4 Bxc4+ 35. Kxc4 Bxf6 36. Kb3 Ra8 37. Kc4 Ne3+ 38. Kc5 Rc8+ 39. Kb5
Rb8+ 40. Kc6 Nxd1 41. Rxd1 Rxb2 42. Rd6 Kf7 43. g4 Rxh2 44. g5 Be7 45. Rd4 Rc2+
46. Kd7 Rc5 47. Ra4 Rd5+ 48. Kc6 Rf5 49. Re4 Bxg5 50. fxg5 Rxg5 51. Kd6 Rd5+
52. Kc6 h5 53. Rf4+ Rf5 54. Rd4 Kf6 55. Kd6 Rd5+ 56. Rxd5 exd5 57. Kxd5 Kf5 58.
Kd4 Kf4 0-1

[Event "Mechanics' Spring TNM; G/2"]
[Site "San Francisco"]
[Date "2017.03.28"]
[Round "3.27"]
[White "Warton, Philip"]
[Black "Agdamag, Samuel"]
[Result "1/2-1/2"]
[WhiteElo "1799"]
[BlackElo "1503"]
[PlyCount "125"]
[EventDate "2017.??.??"]

1. e4 c6 2. d4 d5 3. Nd2 dxe4 4. Nxe4 Nf6 5. Ng5 h6 6. N5f3 Bg4 7. Bc4 e6 8. h3
Bf5 9. c3 Be7 10. Ne2 Nbd7 11. g4 Be4 12. Ng3 Bd5 13. Bd3 Qc7 14. a3 Bd6 15. c4
Bxf3 16. Qxf3 Bxg3 17. Qxg3 Qa5+ 18. Bd2 Qb6 19. Bc3 O-O-O 20. c5 Qc7 21. Qxc7+
Kxc7 22. O-O-O Rhe8 23. f4 Nd5 24. Ba5+ b6 25. cxb6+ axb6 26. Bd2 Kb7 27. Be4
N7f6 28. Bf3 Rd7 29. g5 Ng8 30. h4 Red8 31. Rhg1 hxg5 32. hxg5 g6 33. Bxd5 Rxd5
34. Bb4 Rxd4 35. Rxd4 Rxd4 36. Bf8 Rd8 37. Bb4 c5 38. Bc3 Ne7 39. Bf6 Rd7 40.
Rh1 Nd5 41. Be5 Ne3 42. b3 Ng4 43. Rh7 Nxe5 44. fxe5 Kc6 45. Kc2 Kd5 46. Kc3 b5
47. Rh2 Kxe5 48. Rf2 Kd6 49. Rd2+ Kc6 50. Rxd7 Kxd7 51. a4 bxa4 52. bxa4 Kc6
53. Kc4 Kb6 54. a5+ Kxa5 55. Kxc5 Ka4 56. Kd6 Kb4 57. Ke5 Kc4 58. Kf6 Kd5 59.
Kxf7 e5 60. Kxg6 e4 61. Kh7 e3 62. g6 e2 63. g7 1/2-1/2

[Event "Mechanics' Spring TNM; G/2"]
[Site "San Francisco"]
[Date "2017.05.02"]
[Round "8.21"]
[White "Warton, Philip"]
[Black "Boldi, Ethan"]
[Result "0-1"]
[WhiteElo "1799"]
[BlackElo "1865"]
[PlyCount "60"]
[EventDate "2017.??.??"]

1. e4 e6 2. d4 d5 3. Nc3 Nf6 4. e5 Nfd7 5. f4 c5 6. Nf3 Nc6 7. Bb5 Qb6 8. Bxc6
bxc6 9. Ne2 cxd4 10. Nexd4 c5 11. Ne2 d4 12. c4 Bb7 13. O-O Be7 14. Qc2 O-O-O
15. Qd3 f6 16. a3 fxe5 17. Nxe5 Nxe5 18. fxe5 Qc6 19. Rf3 Rhf8 20. Rg3 Bh4 21.
Rg4 Bf2+ 22. Kh1 h5 23. Rg6 Qe4 24. Qxe4 Bxe4 25. Rxg7 d3 26. Nc3 Be1 27. Be3
Rf1+ 28. Bg1 d2 29. Nd1 Bf2 30. Nxf2 Rxa1 0-1

[Event "Mechanics' Spring TNM; G/2"]
[Site "San Francisco"]
[Date "2017.04.18"]
[Round "6.11"]
[White "Warton, Philip"]
[Black "Fuentes, Romulo C"]
[Result "0-1"]
[WhiteElo "1799"]
[BlackElo "2200"]
[PlyCount "74"]
[EventDate "2017.??.??"]

1. e4 c5 2. Nf3 d6 3. d4 cxd4 4. Nxd4 Nf6 5. Nc3 a6 6. Bg5 e6 7. f4 Qb6 8. Bxf6
gxf6 9. Qd2 Qxb2 10. Rb1 Qa3 11. Rb3 Qa5 12. Be2 Nc6 13. Nf3 b5 14. O-O Bb7 15.
Qe3 Be7 16. f5 b4 17. fxe6 fxe6 18. Bc4 Nd8 (18... d5 $1) 19. Nd5 exd5 20. exd5
Nf7 21. Re1 Ne5 22. Nxe5 dxe5 23. d6 Bxd6 24. Kh1 Qc5 25. Qe2 e4 26. Rh3 h5 27.
Bd3 f5 28. Rxh5 Rxh5 29. Qxh5+ Kd8 30. Bf1 Kc7 31. Qf7+ Kb6 32. Rd1 Qe5 33. g3
Rh8 34. Bg2 Rxh2+ 35. Kxh2 Qxg3+ 36. Kg1 Bc5+ 37. Kh1 Qh4+ 0-1

[Event "Mechanics' Winter TNM; G/2"]
[Site "San Francisco"]
[Date "2017.02.07"]
[Round "6.9"]
[White "Warton, Philip"]
[Black "Krasnov, Steven"]
[Result "0-1"]
[WhiteElo "1799"]
[BlackElo "2043"]
[PlyCount "90"]
[EventDate "2017.??.??"]

1. e4 c5 2. Nf3 e6 3. d4 cxd4 4. Nxd4 a6 5. Be2 Nf6 6. Bf3 d6 7. O-O Be7 8. Bg5
Nbd7 9. Nc3 O-O 10. Bxf6 Bxf6 11. Kh1 Qc7 12. Qd2 Ne5 13. Be2 b5 14. Ndxb5 axb5
15. Nxb5 Qc6 16. f4 Nc4 17. Bxc4 Qxc4 18. Nxd6 Qc6 19. Nxc8 Rfxc8 20. e5 Be7
21. c3 Qc4 22. Qd4 Qe2 23. Qf2 Qb5 24. f5 Bc5 25. Qf4 Qc6 26. f6 g6 27. Rf3 Bf8
28. a4 Qd5 29. b4 Rc4 30. Qg3 Rxa4 31. Re1 Re4 32. Rxe4 Qxe4 33. h3 Ra1+ 34.
Kh2 Re1 35. Qf4 Qxe5 36. Qxe5 Rxe5 37. g4 h5 38. Kg3 Bd6 39. Kh4 hxg4 40. hxg4
Kh7 41. Rd3 Rd5 42. Re3 Bf4 43. Rf3 g5+ 44. Kh5 Rd1 45. Rh3 Rb1 0-1

[Event "Mechanics' Winter TNM; G/2"]
[Site "San Francisco"]
[Date "2017.02.21"]
[Round "8.9"]
[White "Warton, Philip"]
[Black "Uzzaman, Ashik"]
[Result "0-1"]
[WhiteElo "1799"]
[BlackElo "1974"]
[PlyCount "96"]
[EventDate "2017.??.??"]

1. g4 d5 2. Bg2 Bxg4 3. c4 Nf6 4. Qb3 Nbd7 5. Qxb7 Qc8 6. Bxd5 Nxd5 7. Qxc8+
Rxc8 8. cxd5 g6 9. d4 Bg7 10. e3 O-O 11. Nc3 Nb6 12. f3 Bh5 13. Kf2 Rfd8 14.
Nge2 g5 15. e4 g4 16. fxg4 Bxg4 17. Rg1 f5 18. e5 Nxd5 19. h3 Bxe2 20. Nxe2 Kf7
21. Bd2 c5 22. Bc3 Nxc3 23. bxc3 cxd4 24. cxd4 Rc2 25. Kf3 Rb8 26. Rgc1 Rbb2
27. Rxc2 Rxc2 28. a4 Rc4 29. Ke3 e6 30. Kd3 Rb4 31. Kc3 a5 32. Ra3 Bf8 33. Ra1
Be7 34. Nc1 Rb8 35. Nb3 Rc8+ 36. Kd3 Bb4 37. Rc1 Rxc1 38. Nxc1 Kg6 39. d5 exd5
40. Kd4 f4 41. Kxd5 Kf5 42. Nd3 f3 43. e6 Be7 44. Nf2 Kf4 45. Nd3+ Ke3 46. Ne5
f2 47. Ng4+ Ke2 48. Nxf2 Kxf2 0-1

[Event "Mechanics' Spring TNM; G/2"]
[Site "San Francisco"]
[Date "2017.03.21"]
[Round "2.11"]
[White "Warton, Philip"]
[Black "Walder, Michael S"]
[Result "0-1"]
[WhiteElo "1799"]
[BlackElo "2100"]
[Annotator "Donaldson"]
[PlyCount "96"]
[EventDate "2017.??.??"]

1. e4 c5 2. Nf3 d6 3. d4 cxd4 4. Nxd4 Nf6 5. Nc3 Nc6 6. Bb5 Bd7 7. Nxc6 bxc6 8.
Be2 e6 9. O-O Be7 10. Kh1 O-O 11. f4 Qc7 12. e5 Nd5 (12... dxe5 13. fxe5 Qxe5 (
13... Nd5) 14. Rxf6 Bxf6 15. Qxd7) 13. exd6 Bxd6 14. Ne4 Bxf4 15. Bxf4 Nxf4 16.
Bd3 e5 17. g3 Nxd3 18. Qxd3 Be6 19. c4 Rad8 20. Qc2 Qe7 21. b3 Rd4 22. Qe2 Rfd8
23. Rad1 f6 24. Rxd4 Rxd4 25. Nf2 Bf5 26. Rd1 Qd6 27. Kg1 c5 28. Rxd4 Qxd4 29.
Qd1 Kf7 30. Qf3 Kg6 31. g4 Be6 32. Qh3 h6 33. Qd3+ Kf7 34. Qxd4 cxd4 35. h3 g6
36. Kg2 f5 37. Kf3 Kf6 38. gxf5 gxf5 39. h4 Bc8 40. b4 Bb7+ 41. Ke2 e4 42. b5
Ke5 43. c5 Bd5 44. b6 a5 45. Nh3 f4 46. Nf2 f3+ 47. Ke1 Kf4 48. Nd1 Kg3 0-1

[Event "Mechanics' Winter TNM; G/2"]
[Site "San Francisco"]
[Date "2017.01.24"]
[Round "4.21"]
[White "Warton, Philip"]
[Black "Yamamoto, Craig"]
[Result "1-0"]
[WhiteElo "1799"]
[BlackElo "1500"]
[PlyCount "35"]
[EventDate "2017.??.??"]

1. g4 d5 2. Bg2 c6 3. h3 e6 4. d4 Nd7 5. c3 h6 6. Nf3 Be7 7. h4 b6 8. g5 hxg5
9. Bxg5 Bb7 10. Nbd2 b5 11. e4 a6 12. Qe2 f6 13. exd5 fxg5 14. Qxe6 cxd5 15.
Nxg5 Nh6 16. Qg6+ Kf8 17. Ne6+ Kg8 18. Qxg7# 1-0

[Event "Mechanics' Winter TNM; G/2"]
[Site "San Francisco"]
[Date "2017.01.10"]
[Round "2.23"]
[White "Warton, Phillip"]
[Black "Kulkarni, Sukhada"]
[Result "1-0"]
[WhiteElo "1793"]
[BlackElo "1763"]
[PlyCount "47"]
[EventDate "2017.??.??"]

1. e4 e5 2. Bc4 Nf6 3. d4 exd4 4. Nf3 Bb4+ 5. c3 Ba5 6. O-O O-O 7. e5 d5 8.
exf6 dxc4 9. fxg7 Re8 10. Nxd4 c5 11. Nb5 Qh4 12. g3 Qh3 13. Bg5 Bd7 14. Nd6
Bc6 15. f3 Re5 16. Bf4 Rd5 17. Qe2 Na6 18. Qe7 Qh5 19. Ne4 Rf5 20. Nf6+ Rxf6
21. Qxf6 Bxf3 22. Nd2 Bd5 23. Qe5 Qxe5 24. Bxe5 1-0

[Event "Mechanics' Winter TNM; G/2"]
[Site "San Francisco"]
[Date "2017.01.17"]
[Round "3.32"]
[White "Weingarten, Daniel"]
[Black "Bayaraa, Bilguun"]
[Result "1/2-1/2"]
[WhiteElo "1658"]
[BlackElo "1208"]
[Annotator "Donaldson"]
[PlyCount "67"]
[EventDate "2017.??.??"]

1. e4 c5 2. Nf3 d6 3. d4 cxd4 4. Nxd4 Nf6 5. Nc3 a6 6. a4 e5 7. Nf3 Be6 8. Bg5
Be7 9. Bxf6 Bxf6 10. Nd5 Nd7 11. b4 (11. Bc4) (11. a5 Nc5) 11... Nb6 (11... a5)
12. c4 Nxd5 13. cxd5 Bd7 14. Rc1 O-O 15. Bd3 Rc8 (15... g6 16. O-O Bg7) 16. O-O
$2 (16. a5) 16... Rxc1 17. Qxc1 Bxa4 18. Qa3 Bd7 (18... Qd7 $1) 19. Rc1 Bg5 (
19... g6) 20. Rc2 (20. Nxg5 Qxg5 21. Rc7) 20... Bg4 21. Be2 Bxf3 22. Bxf3 Qd7
23. Qc3 h6 (23... Bd8 $1 24. h3 Bb6) 24. h3 Qe7 (24... Bd8) 25. Bg4 b5 26. Qc7
Ra8 (26... Qxc7 27. Rxc7 Bd2 28. Rc6 (28. Rc8 Bxb4 29. Rxf8+ Kxf8 30. Bc8 a5
31. Bd7 a4 32. Bxb5 a3 33. Bc4) 28... Bxb4 29. Rxa6 Bc5) 27. Qc6 Qd8 28. Ra2 h5
(28... g6) 29. Bd7 {Diagram [#]} (29. Bxh5) 29... Qf8 (29... Ra7 $1 {wins} 30.
Bf5 (30. Bc8 Rc7) (30. Be8 Rc7) 30... g6) 30. Qb7 (30. Rxa6 Rxa6 31. Qxa6 Bd2
32. Qxb5 Qa8) 30... Qd8 31. g3 Rb8 32. Qa7 Ra8 33. Qb7 Rb8 34. Qa7 1/2-1/2

[Event "Mechanics' Winter TNM; G/2"]
[Site "San Francisco"]
[Date "2017.01.10"]
[Round "2.33"]
[White "Weingarten, Daniel"]
[Black "Crofts, Jacob"]
[Result "1-0"]
[WhiteElo "1658"]
[BlackElo "1380"]
[PlyCount "131"]
[EventDate "2017.??.??"]

1. d4 b5 2. e4 Bb7 3. Bd3 e6 4. Ne2 c5 5. c3 c4 6. Bc2 Nf6 7. Ng3 Be7 8. O-O d6
9. Be3 O-O 10. Nd2 Nc6 11. Qe2 d5 12. e5 Nd7 13. Qh5 g6 14. Qh6 Re8 15. Nf3 Bf8
16. Qh3 f6 17. exf6 Qxf6 18. Qg4 Qg7 19. Ng5 Nf6 20. Qh4 Bd6 21. f4 Bc8 22. Ne2
Ne7 23. Bd2 Nf5 24. Qf2 Bc7 25. h3 Nd6 26. Ng3 Bd7 27. Rae1 a5 28. Nf3 Rab8 29.
Ne5 Nf5 30. Nh1 Nd6 31. Ng3 a4 32. a3 Nf7 33. Re3 Nd6 34. Rfe1 Nf5 35. R3e2 Bb6
36. Nf1 Nd6 37. Ng3 Nb7 38. Qf3 Na5 39. Nh1 Nb3 40. Be3 Re7 41. g4 Na5 42. Ng3
Nc6 43. Bf2 Nxe5 44. fxe5 Ne8 45. Be3 Rf7 46. Qg2 Qf8 47. Rf1 Rxf1+ 48. Nxf1
Nc7 49. h4 Qg7 50. h5 g5 51. Rf2 Rf8 52. Qh3 h6 53. Qg3 Be8 54. Nd2 Na6 55. Nf3
Nb8 56. Qg2 Nd7 57. Qg3 Qe7 58. Qh3 Kg7 59. Qf1 Kg8 60. Qb1 Kg7 61. Bg6 Bf7 62.
Kg2 Qe8 63. Bc2 Qe7 64. Bg6 Rh8 65. Bxf7 Qxf7 66. Nxg5 1-0

[Event "Mechanics' Fall TNM; G/2 d5"]
[Site "San Francisco"]
[Date "2017.12.19"]
[Round "9.42"]
[White "Weingarten, Daniel"]
[Black "Cunningham, Charles"]
[Result "1-0"]
[WhiteElo "1604"]
[BlackElo "1381"]
[PlyCount "61"]
[EventDate "2017.??.??"]

1. d4 d5 2. c4 e6 3. a3 h6 4. Nc3 Nf6 5. Nf3 Nc6 6. e3 a6 7. c5 e5 8. dxe5 Ng4
9. Qxd5 Be6 10. Qxd8+ Rxd8 11. b4 Ngxe5 12. Nxe5 Nxe5 13. Bb2 Bc4 14. Na4 Bxf1
15. Kxf1 Nc4 16. Bd4 Nd2+ 17. Ke2 Nb3 18. Rad1 Nxd4+ 19. Rxd4 Be7 20. Rxd8+
Bxd8 21. Nc3 O-O 22. Rd1 Bf6 23. Rd3 Bxc3 24. Rxc3 Rd8 25. Rd3 Rxd3 26. Kxd3
Kf8 27. Kd4 Ke7 28. h4 h5 29. Kd5 c6+ 30. Ke5 f6+ 31. Kf5 1-0

[Event "Mechanics' Winter TNM; G/2"]
[Site "San Francisco"]
[Date "2017.02.21"]
[Round "8.25"]
[White "Weingarten, Daniel"]
[Black "Kanis, Sierk"]
[Result "0-1"]
[WhiteElo "1658"]
[BlackElo "1948"]
[Annotator "Donaldson"]
[PlyCount "22"]
[EventDate "2017.??.??"]

1. e4 e6 2. d4 d5 3. e5 c5 4. c3 Nc6 5. Bb5 $6 Qb6 6. Bxc6+ bxc6 7. b3 (7. Ne2)
7... Ba6 8. Be3 Nh6 9. Ne2 Nf5 10. O-O $2 (10. dxc5 Nxe3 11. cxb6 Nxd1) 10...
cxd4 11. Nxd4 (11. cxd4 c5 $1 12. dxc5 Nxe3) 11... Nxe3 0-1

[Event "Mechanics' Spring TNM; G/2"]
[Site "San Francisco"]
[Date "2017.03.21"]
[Round "2.17"]
[White "Weingarten, Daniel"]
[Black "Khristoforov, Sergey"]
[Result "0-1"]
[WhiteElo "1658"]
[BlackElo "1934"]
[PlyCount "110"]
[EventDate "2017.??.??"]

1. e4 c6 2. d4 d5 3. e5 Bf5 4. Bd3 Bxd3 5. Qxd3 e6 6. Nf3 Nd7 7. O-O c5 8. c3
Ne7 9. dxc5 Nxc5 10. Qb5+ Nc6 11. Nd4 Qc7 12. f4 a6 13. Qe2 Ne4 14. Be3 Bc5 15.
Nd2 Nxd2 16. Qxd2 Qb6 17. b4 Bxd4 18. Bxd4 Nxd4 19. cxd4 Rc8 20. Rac1 Rc4 21.
Rxc4 dxc4 22. Qc3 Qc6 23. Rc1 b5 24. Kf2 Qe4 25. Qe3 Qd5 26. Qc3 h5 27. Re1 Ke7
28. Re2 Rd8 29. Ke3 Rd7 30. Rd2 Kd8 31. Rc2 Rc7 32. Rf2 g6 33. Rc2 Kc8 34. Rd2
Kb7 35. Rf2 Qd8 36. Rd2 Rd7 37. a3 Rd5 38. Ra2 Qh4 39. g3 Qh3 40. Qc2 h4 41.
Qg2 Qf5 42. Qc2 Qh5 43. Qe2 Qxe2+ 44. Rxe2 hxg3 45. hxg3 a5 46. Ra2 axb4 47.
axb4 Rd8 48. Ke4 Kb6 49. Ra3 Rd7 50. Ra1 Ra7 51. Rb1 Kc6 52. g4 Ra3 53. f5
exf5+ 54. gxf5 gxf5+ 55. Kxf5 Kd5 0-1

[Event "Mechanics' Winter TNM; G/2"]
[Site "San Francisco"]
[Date "2017.01.31"]
[Round "5.22"]
[White "Weingarten, Daniel"]
[Black "Wonsever, James"]
[Result "0-1"]
[WhiteElo "1658"]
[BlackElo "1827"]
[PlyCount "44"]
[EventDate "2017.??.??"]

1. e4 e5 2. Nf3 Nc6 3. Bb5 a6 4. Ba4 Nf6 5. d3 Be7 6. Bxc6 dxc6 7. Nxe5 O-O 8.
Nc3 c5 9. O-O Be6 10. Re1 c6 11. h3 Qc7 12. Nf3 Rad8 13. Qe2 b5 14. b3 Nh5 15.
Qe3 Rfe8 16. Ng5 Bc8 17. g4 Bf6 18. Bb2 Nf4 19. Nxh7 Kxh7 20. Qg3 Rh8 21. e5
Bxe5 22. Nxb5 Ne2+ 0-1